| 000 | 00724nam a22002057a 4500 | ||
|---|---|---|---|
| 005 | 20251108164121.0 | ||
| 008 | 250721s1998 xx 000 0 ara d | ||
| 082 | 1 | 4 | _a218.82565/صبح |
| 100 | 1 | _aالصبح، رياض يوسف | |
| 245 | 1 | 0 | _aالأحزاب الإسلامية الأردنية و أثرها على الحياة الإجتماعية و السياسية / |
| 264 | 1 |
_aعمان : _bمركز الريادة للمعلومات، _c1998. |
|
| 300 | _a71ص | ||
| 490 | 0 | _aسلسلة دراسات ؛13 | |
| 650 | 1 | 7 | _aالحركات الإسلامية |
| 650 | 1 | 7 | _aالتاريخ السياسي |
| 650 | 1 | 7 | _aالأردن |
| 650 | 1 | 7 | _aالأحزاب السياسية |
| 942 |
_2ddc _cBK |
||
| 999 |
_c4034 _d4034 |
||